00542nam a2200193 a 4500001001300000003000900013005001700022008004100039020002300080082001500103100002500118245005500143260004300198300000900241500003500250505001000285650002800295700002500323nice12345678IN_TiNIC20260116014105.0070809s2006 oxfa grp 000 0 eng  a1851683011 c39500a190.3bTHI aThiselton, Anthony C aConcise Encyclopedia of the Philosophy of Religion aOxford bOne World Publications c2006 a344p aincludes index and biblioraphy2 aindex aPhilosophy-Encyclopedia1 aThiselton, Anthony C